Les numéros des joueurs du PSG 2022/2023 - Statistiques

Statistiques générales
  • Ce quiz a été pris 139 fois
  • Le résultat moyen est 16 sur 25
Statistiques - réponses
Hint Réponse % Correct
N°2 Hakimi
96%
N°7 Mbappe
96%
N°10 Neymar
96%
N°5 Marquinhos
90%
N°3 Kimpembe
89%
N°6 Verratti
89%
N°8 Ruiz
82%
N°30 Messi
81%
N°99 Donnaruma
79%
N°4 Ramos
79%
N°25 Mendes
70%
N°44 Ekitike
67%
N°14 Bernat
61%
N°28 Soler
61%
N°15 Pereira
57%
N°33 Zaïre-Emery
54%
N°17 Vitinha
53%
N°26 Mukiele
50%
N°90 Letellier
43%
N°18 Sanches
40%
N°16 Rico
34%
N°35 Gharbi
28%
N°31 Bitshiabu
24%
N°29 Pembele
20%
N°37 Housni
19%
Aucun quiz correspondant
Distribution des résultats
% des personnes avec chaque résultat
Percentile par nombre de réponses
Votre historique - résultats
Vous n’avez pas pris ce quiz